| 000 | 00651nam a22002057a 4500 | ||
|---|---|---|---|
| 999 |
_c4667 _d4667 |
||
| 003 | AR-CdUCM | ||
| 008 | 190311b ||||| |||| 00| 0 spa d | ||
| 040 |
_aMUNICIPALIDAD PROVINCIAL DEL CUSCO _cBIBLIOTECA MUNICIPAL DEL CUSCO |
||
| 082 |
_a890 / _bW21 |
||
| 100 |
_aWaltari, Mika _91196 |
||
| 245 | _aJuego Peligroso / | ||
| 260 |
_aMéxico : _bPublicaciones Helios ; _c1955. |
||
| 300 |
_a164 páginas ; _c20cm |
||
| 440 |
_aColección Horizonte _914516 |
||
| 505 | _aContenido : Literatura en otras lenguas | ||
| 650 |
_aLiteratura Finlandia _914517 |
||
| 700 |
_aScholz, Víctor (traducción) _914518 |
||
| 942 |
_2ddc _cLIBROS |
||
| 945 | _anom | ||